MARC

LEADER 00000nam0a2200000 4500
001 371099
005 20231102012339.0
035 |a (RuTPU)RU\TPU\retro\28508 
090 |a 371099 
100 |a 20220915d1978 m y0rusy50 ca 
101 0 |a rus 
102 |a RU 
105 |a a j 001zy 
200 1 |a Системы автоматического регулирования и управления дуговой и шлаковой сварки  |e учебное пособие  |f Л. Н. Фридман  |g Алтайский политехнический институт 
210 |a Барнаул  |c [Б. и.]  |d 1978 
215 |a 91 с.  |c ил. 
320 |a Библиогр.: с. 86-88 
606 1 |a Сварка  |x Автоматизация  |x Автоматизация и механизация комплексная  |2 stltpush  |3 (RuTPU)RU\TPU\subj\53901  |9 72065 
610 1 |a дуговая сварка 
610 1 |a шлаковая сварка 
610 1 |a процессы 
610 1 |a саморегулирование 
610 1 |a системы автоматического регулирования 
610 1 |a напряжение 
610 1 |a ток 
610 1 |a режимы сварки 
610 1 |a системы коррекции 
610 1 |a системы автоматического программного управления 
610 1 |a учебные пособия 
675 |a 621.791:65.011.5(075.8)  |v 4 
700 1 |a Фридман  |b Л. Н.  |g Леонид Натанович 
712 0 2 |a Алтайский политехнический институт  |c (Барнаул)  |c (1959-1992)  |2 stltpush  |3 (RuTPU)RU\TPU\col\11271  |9 25008 
801 1 |a RU  |b 63413507  |c 20220915 
942 |c BK